000 00560nam a2200205Ia 4500
005 20250326144156.0
008 250326s9999 xx 000 0 und d
020 _a978-1-5632-7359-9
037 _aTextbook
040 _aFMSL
_beng
_cFMSL
041 _aeng
_2eng
084 _aX:89Q P8
_qFMSL
100 _aNash M A
_9749037
245 0 _aMapping the total value stream
_cNash M A; Poling S R
260 _aNY
_bNY, CRC Press
_c2008
300 _a273p
365 _b1927.8363999999999
942 _cTB
_hX:89Q P8
999 _c1302665
_d1302665